Guidelines for monitoring and evaluation for biodiversity projects (Registro nro. 1940)

Detalles MARC
000 -CABECERA
Campo de control 00582nam a2200205 a 4500
005 - FECHA Y HORA DE LA ULTIMA TRANSACCION
Campo de control 20200518161848.0
008 - ELEMENTOS DE LONGITUD FIJA—INFORMACION GENERAL
Campo de control 140303b1998 wau||||| |||| 00| 0 eng d
040 ## - FUENTE DE CATALOGACIÓN
Agencia catalogadora original CO-BoIAVH
Agencia transcriptora CO-BoIAVH
041 ## - IDIOMA
Código de idioma para texto/pista de sonido o título separado Inglés
044 ## - PAÍS DE PUBLICACIÓN
País de publicación Estados Unidos
082 ## - NUMERO DE CLASIFICACION DECIMAL DEWEY
Número de clasificación 333.9516079
090 ## - CLASIFICACIÓN LOCAL
Colección LB
Consecutivo 01771
110 ## - ASIENTO PRINCIPAL--NOMBRE CORPORATIVO
Unidad subordinad World Bank
245 ## - MENCION DE TITULO
Título Guidelines for monitoring and evaluation for biodiversity projects
260 ## - PUBLICACION, DISTRIBUCION, ETC. (PIE DE IMPRENTA)
Lugar de publicación, distribución, etc. Washington
Nombre del editor, distribuidor, etc. World Bank
Fecha de publicación, distribución, etc. 1998
300 ## - DESCRIPCION FISICA
Extensión 33 p.
650 ## - ASIENTO SECUNDARIO DE MATERIA - TERMINO TEMATICO
Término temático o nombre geográfico como elemento de entrada Guía de monitoreo y evaluación
650 ## - ASIENTO SECUNDARIO DE MATERIA - TERMINO TEMATICO
Término temático o nombre geográfico como elemento de entrada Proyectos de investigación
942 ## - ELEMENTOS ADICIONALES (KOHA)
Tipo de ítem Libro
Sistema de clasificación Local
Existencias
Withdrawn status Lost status Sistema de Clasificación Damaged status No para préstamo Colección Ubicación Permanente Ubicación actual Fecha de adquisición Total Checkouts Número topográfico Inventario / Código de Barras Date last seen Ejemplar Price effective from Tipo de material
    Local     General Bogotá Bogotá 26/01/2001   LB-01771 002422 04/12/2012 Ej.1 04/12/2012 Informe Técnico